000 00831cam a2200241 a 4500
001 000004702
005 20260429135247.0
008 780711s1936 cl 000 0 spa
010 _a37017314
040 _aDO-SdBNP
_bspa
_cBNPHU
082 _a860.09
_bS211p
100 1 _aSánchez, Luis Alberto,
_d1900-1994
_93913
245 1 0 _aPanorama de la literatura actual.
250 _a3. ed., corr. y aum.
260 _aSantiago de Chile, :
_bErcilla,
_c1936.
300 _a213 p., 1 il. ;
_c23 cm.
440 0 _aBiblioteca América
_913700
650 4 _aLiteratura moderna
_ySIGLO XIX
_xHistoria y crítica
_99701
650 4 _aLiteratura moderna
_ySIGLO XX
_xHistoria y crítica
_99702
650 4 _aLiteratura
_xEnsayos, conferencias, etc.
_98705
650 4 _aCine y literatura
_913701
650 0 _aLiteratura
_xHistoria y crítica
_9835
999 _c4508
_d4508